Archaeology on Three Continents 2006 - 2011 : 5 years of the Slovak Archaeological and Historical Institute SAHI /

Gespeichert in:
Bibliographische Detailangaben
Weitere Verfasser: Dreslerová, Dagmar (Rezension), Chalachanová Faixová, Jana, 1975- (Rezension), Graham, Elizabeth (Rezension), Hulínek, Drahoslav (Herausgegeben von), Bonatz, Dominik (Herausgegeben von), Kováč, Milan (Herausgegeben von)
Format: Buch
Sprache:Englisch
Veröffentlicht: Bratislava : Slovak Archaeological and Historical Institute (SAHI), 2015
Ausgabe:1. vyd.
Schlagworte:
Tags: Tag hinzufügen
Keine Tags, Fügen Sie das erste Tag hinzu!

MARC

LEADER 00000nam a22000003a 4500
001 0011694
003 SK-STU
005 20220210094356.1
007 ta
008 160119s ----xo-----e------100-0-----d
020 |a 978-80-89704-01-9 
040 |a STU  |b slo 
041 0 |a eng 
044 |a xo 
245 1 0 |a Archaeology on Three Continents 2006 - 2011 :  |b 5 years of the Slovak Archaeological and Historical Institute SAHI /  |c rec. Dagmar Dreslerová, Jana Chalachanová Faixová, Elizabeth Graham 
250 |a 1. vyd. 
260 |a Bratislava :  |b Slovak Archaeological and Historical Institute (SAHI),  |c 2015 
300 |a 206 s. 
650 4 |a archeológia 
650 4 |a archeologický výskum 
650 4 |a archeologické projekty 
700 1 |a Dreslerová, Dagmar  |r Z6  |4 rev 
700 1 |a Chalachanová Faixová, Jana,  |d 1975-  |u V130  |r Z1  |4 rev  |U SvF Stavebná fakulta  |T SvF Katedra geodetických základov  |X 4051  |U V130  |Y 13  |7 A000004051 
700 1 |a Graham, Elizabeth  |r Z6  |4 rev 
700 1 |a Hulínek, Drahoslav  |4 edt 
700 1 |a Bonatz, Dominik  |4 edt 
700 1 |a Kováč, Milan  |4 edt 
996 |b 284V037680  |c V* 2652/sc-22  |l VVT  |s A  |a 24  |w 0011694_0001